Torribera : centres assistencials : guia de serveis centres assistencials :
Descripción Física:
19 p. : il. col. ; 21 cm
Otros Autores:
Centres Assitencials Torribera (Santa Coloma de Gramenet)
MARC
| LEADER | 00000nam a2200000Ia 4500 | ||
|---|---|---|---|
| 001 | 22961 | ||
| 008 | 160829s9999 xx 000 0 cat d | ||
| 080 | |a FU-59-1 | ||
| 245 | |a Torribera : |b centres assistencials : |b guia de serveis | ||
| 260 | |a Barcelona : |b Diputació de Barcelona, [s.a.] | ||
| 300 | |a 19 p. : |b il. col. ; |c 21 cm | ||
| 590 | |a Núm. de full registral: 4766 | ||
| 610 | 2 | 0 | |a Centres Assistencials Torribera (Santa Coloma de Gramenet) |9 52937 |
| 650 | 0 | |a Recinte Torribera (Santa Coloma de Gramenet) |x Guies |9 39859 | |
| 700 | |a Centres Assitencials Torribera (Santa Coloma de Gramenet) | ||
| 710 | 1 | |a Barcelona (Catalunya : Província). |b Diputació |9 52408 | |
| 901 | |a Arxiu | ||
| 942 | |n 1 | ||
| 952 | |0 0 |1 0 |4 0 |6 FU591 |7 1 |9 49278 |a Arxiu |b Arxiu |d 2016-12-01 |l 0 |o FU-59-1 |p 22961 |r 2016-12-01 00:00:00 |w 2016-12-01 |y ARXIU | ||
| 999 | |c 53120 |d 53120 | ||